Economic and social aspects of housing policy in the Slovak republic

Zhodnotenie bytovej politiky prostredníctvom vybraných sociálnych a ekonomických ukazovateľov na Slovensku po roku 1989. Pozitíva a negatíva investovania do nehnuteľností. Porovnanie Slovenska s Európskou úniou.

Salvato in:
Dettagli Bibliografici
Autore principale: Vidová, Jarmila, 1967-
Natura: Capitolo di libro
Lingua:inglese
Soggetti:
Tags: Aggiungi Tag
Nessun Tag, puoi essere il primo ad aggiungerne!!

MARC

LEADER 00000nla a2200000 4500
001 0237433
005 20240502103030.5
041 0 |a eng 
044 |a CZ 
245 1 0 |a Economic and social aspects of housing policy in the Slovak republic  |c Jarmila Vidová 
520 |a Zhodnotenie bytovej politiky prostredníctvom vybraných sociálnych a ekonomických ukazovateľov na Slovensku po roku 1989. Pozitíva a negatíva investovania do nehnuteľností. Porovnanie Slovenska s Európskou úniou. 
610 2 0 |a bývanie 
610 2 0 |a politika bytová 
610 2 0 |a výstavba bytová 
610 2 0 |a nehnuteľnosti 
610 2 0 |a byty 
610 2 0 |a vlastníctvo 
610 2 0 |a investovanie 
610 2 0 |a zadlženosť 
610 2 0 |a dlhy 
610 2 0 |a úver hypotekárny 
610 2 0 |a domácnosti 
610 2 0 |a Slovensko 
610 2 0 |a Európska únia 
100 1 |a Vidová, Jarmila, 1967-